Lista revisada de los erizos (Echinodermata: Echinoidea) del Mar Caribe colombiano (Registro nro. 15651)
[ vista simple ]
| 000 -CABECERA | |
|---|---|
| Campo de control | 004320000a22001330004500 |
| 090 ## - CLASIFICACIÓN LOCAL | |
| Colección | AS |
| Consecutivo | Seriadas |
| 041 0# - IDIOMA | |
| Código de idioma para texto/pista de sonido o título separado | |
| 100 1# - ASIENTO PRINCIPAL--NOMBRE PERSONAL | |
| Nombre personal | Borrero Pérez, Giomar Helena |
| 245 10 - MENCION DE TITULO | |
| Título | Lista revisada de los erizos (Echinodermata: Echinoidea) del Mar Caribe colombiano |
| 700 1# - ASIENTO SECUNDARIO - NOMBRE PERSONAL | |
| Nombre personal | Solano, Oscar David |
| 700 1# - ASIENTO SECUNDARIO - NOMBRE PERSONAL | |
| Nombre personal | Benavides Serrato, Milena |
| 773 1# - Item fuente: | |
| Título | Biota Colombiana |
| Descripción física | 1 |
| Paginas del Articulo | 141-148 |
| Lugar, editorial y fecha de publicación | 2002 |
| Información sobre la relación | 3 |
| 942 ## - ELEMENTOS ADICIONALES (KOHA) | |
| Tipo de ítem | Artículo |
No hay ítems disponibles.